000 00700nam a2200277Ia 4500
005 20260324120301.0
008 008 260324s9999 xx 000 0 eng d
020 _a9781315771342
037 _aEBOOK
040 _aCRL
040 _beng
040 _cCRL
041 _2eng
041 _aeng
084 _qCRL
100 _aVeronica Pacini-Ketchabaw; Affrica Taylor
_91157956
245 0 _aUnsettling the Colonial Places and Spaces of Early Childhood Education
260 _bTaylor and Francis
260 _c2015
365 _a
365 _b280
856 _uhttp://www.taylorfrancis.com/books/9781315771342
942 _cEBOOK
999 _c1749410
_d1749410